| 000 | 00603nam a22002177a 4500 | ||
|---|---|---|---|
| 005 | 20170124110122.0 | ||
| 010 | _a852212 | ||
| 020 | _c00.00 | ||
| 035 | _a852212 | ||
| 037 | _bCen Lib/Ret | ||
| 040 |
_aDPL _bEN |
||
| 082 |
_a957 _bGLI |
||
| 245 |
_aGlimpses of siberia / _ccompiled by Nikolai Yanovsky |
||
| 260 |
_bMoscow _aProgress Publishers _c1972 |
||
| 270 | _bMoscow | ||
| 300 |
_a263p. : _c21cm(Hb) _bill. |
||
| 650 |
_aSiberia (Russia) _930767 |
||
| 650 |
_aRussia (Federation) -- Siberia _930768 |
||
| 700 |
_aYanovsky, Nikolai _930769 |
||
| 942 |
_2ddc _cEN _h957 _mGLI |
||
| 999 |
_c131080 _d131080 |
||